| 000 | 01025nam a2200361 a 4500 | ||
|---|---|---|---|
| 001 | vtls000004692 | ||
| 003 | NLI | ||
| 005 | 20210601180330.0 | ||
| 008 | 101125s1996 ii 000 0 eng | ||
| 020 | _cRs. 100.00 | ||
| 039 | 9 |
_y201011250017 _zVLOAD |
|
| 040 | 0 |
_aNLI _beng _cVERGIS-2003 |
|
| 041 | 0 | _aeng | |
| 044 | _aii | ||
| 082 | 0 | 4 | _a613.90710954 |
| 100 | 0 |
_aHamphiholi, V.K. _cDr. _916360 |
|
| 245 | 1 | 0 |
_aSex education Indian view/ _cV.K. Hampiholi |
| 260 |
_aHegde: _bShubahada Pub, _c1996 |
||
| 300 |
_axiv, 103 p.; _c22 cm. |
||
| 440 | 0 |
_aSamshodhana series _n4 _916361 |
|
| 650 | 0 |
_aSex instructions _zIndia _916362 |
|
| 650 | 0 |
_aFamily life education _zIndia _916363 |
|
| 650 | 0 |
_aSex counseling _zIndia _916364 |
|
| 887 | _aS. Sinthan | ||
| 901 |
_aDB 73928 _b12/09/1998 |
||
| 902 | _aE 613.90710954 H 187 | ||
| 903 | _a17/02/2004 | ||
| 904 | _aS. Sinthan | ||
| 906 | _a002626 | ||
| 949 |
_AVIRTUAITEM _D10000 _F1 _X100 _6DBA000073928ENG _aE 613.90710954 H187 |
||
| 942 |
_2ddc _cBKS |
||
| 999 |
_c7724 _d7724 |
||